000 00495nam a2200193Ia 4500
005 20250326141416.0
008 250326s9999 xx 000 0 und d
037 _aTextbook
040 _aFMSL
_beng
_cFMSL
041 _aeng
_2eng
084 _qFMSL
100 _aNPC
245 0 _aMaintece systems and practices in Indian Industries : A survey
_cNPC
260 _aNew Delhi
_bNew Delhi, NPC
_c1981
300 _a77p
490 _vVol III
942 _cTB
999 _c1290165
_d1290165